| 000 | 01479nam a2200409 a 4500 | ||
|---|---|---|---|
| 001 | ebr10161289 | ||
| 003 | CaPaEBR | ||
| 006 | m u | ||
| 007 | cr cn||||||||| | ||
| 008 | 060720s2005 enk fsb 001 0 eng d | ||
| 010 | _z 2006411988 | ||
| 015 |
_aGBA488349 _2bnb |
||
| 016 | 7 |
_z013059232 _2Uk |
|
| 020 | _z9780335213382 | ||
| 020 | _z9780335224647 | ||
| 020 | _z0335213391 (hbk.) | ||
| 020 | _z0335213383 (pbk.) | ||
| 040 |
_aCaPaEBR _cCaPaEBR |
||
| 035 | _a(OCoLC)246970577 | ||
| 043 | _ae-uk--- | ||
| 050 | 1 | 4 |
_aHV9647 _b.C667 2005eb |
| 082 | 0 | 4 |
_a365 _222 |
| 100 | 1 | _aCoyle, Andrew. | |
| 245 | 1 | 0 |
_aUnderstanding prisons _h[electronic resource] : _bkey issues in policy and practice / _cAndrew Coyle. |
| 260 |
_aMaidenhead : _bOpen University Press, _c2005. |
||
| 300 | _axii, 207 p. | ||
| 490 | 1 | _aCrime and justice | |
| 504 | _aIncludes bibliographical references and index. | ||
| 533 |
_aElectronic reproduction. _bPalo Alto, Calif. : _cebrary, _d2013. _nAvailable via World Wide Web. _nAccess may be limited to ebrary affiliated libraries. |
||
| 650 | 0 |
_aPrisons _zGreat Britain. |
|
| 650 | 0 |
_aImprisonment _zGreat Britain. |
|
| 650 | 0 |
_aPrison administration _zGreat Britain. |
|
| 655 | 7 |
_aElectronic books. _2local |
|
| 710 | 2 | _aebrary, Inc. | |
| 830 | 0 | _aCrime and justice (Buckingham, England) | |
| 856 | 4 | 0 |
_uhttp://site.ebrary.com/lib/rucke/Doc?id=10161289 _zAn electronic book accessible through the World Wide Web; click to view |
| 999 |
_c132556 _d132556 |
||